[Event "OS INCLIVEIS"]
[Site "http://www.queenalice.com/game.php?id=1204104"]
[Date "2013.7.31"]
[Round "-"]
[White "adelio"]
[Black "CliffOliveira"]
[Result "0-1"]
[WhiteElo "1812"]
[BlackElo "2049"]

1. b4 Nf6 2. Bb2 g6 3. Bxf6 exf6 4. b5 Bg7 5. a4 O-O 6. c4 f5 7. Ra2 b6 8. Nc3
Bb7 9. d4 d6 10. e3 Re8 11. Nh3 Nd7 12. Nf4 Rc8 13. h4 h5 14. Nce2 Nf6 15. Ng3
Ne4 16. Ngxh5 Nc3 17. Qd2 Nxa2 18. Nxg7 Kxg7 19. Qxa2 Qf6 20. Nd5 Bxd5 21. cxd5
Qxd4 22. Be2 Qc3+ 23. Kd1 Re4 24. Qc2 Qxc2+ 25. Kxc2 Rxa4 26. f3 Re8 27. h5 Rxe3
28. h6+ Kh7 29. Bd3 Ra2+ 30. Kb1 Rxg2 31. Bc2 Rxf3 32. Kb2 Rff2 33. Rc1 Rxc2+
34. Rxc2 Rxc2+ 35. Kxc2 Kxh6 36. Kd2 Kg5 37. Ke3 Kg4 38. Kf2 Kf4 39. Kg2 Ke4 40.
Kg3 g5 41. Kf2 f4 42. Kg2 f5 43. Kf2 g4 44. Ke2 g3 45. Kf1 f3 46. Kg1 f2+ 47.
Kg2 Ke3 48. Kf1 g2+ 49. Kxg2 Ke2 50. Kg3 f1=Q 51. Kh4 Qg2 52. Kh5 f4 53. Kh6 f3
54. Kh7 f2 55. Kh8 f1=R 56. Kh7 Rh1# 0-1

[Event "Challenge"]
[Site "http://www.queenalice.com/game.php?id=1206226"]
[Date "2013.8.8"]
[Round "-"]
[White "RafaelCabral"]
[Black "CliffOliveira"]
[Result "1-0"]
[WhiteElo "1916"]
[BlackElo "2074"]

1. e4 c5 2. Nf3 g6 3. d4 cxd4 4. Nxd4 Bg7 5. Nc3 Nc6 6. Be3 Nf6 7. Bc4 Qa5 8.
O-O Qb4 9. Bb3 Nxe4 10. Nxc6 bxc6 11. a3 Nxc3 12. Qf3 Ne2+ 13. Kh1 Qh4 14. Qxf7+
Kd8 15. Qxg7 Re8 16. Bf7 Qf6 17. Qxf6 exf6 18. Bxe8 Kxe8 19. Rfe1 Ba6 20. Rad1
d5 21. Rd2 1-0

[Event "AUTO-OPEN-2913"]
[Site "http://www.queenalice.com/game.php?id=1206423"]
[Date "2013.8.8"]
[Round "3"]
[White "LUKK"]
[Black "CliffOliveira"]
[Result "1-0"]
[WhiteElo "2509"]
[BlackElo "2036"]

1. g4 Nc6 2. g5 g6 3. d4 d5 4. Bg2 Bg7 5. c3 e5 6. dxe5 Nxe5 7. Qxd5 Qxd5 8.
Bxd5 c6 9. Bb3 Bf5 10. Nd2 O-O-O 11. f4 Nd7 12. Bxf7 Ne7 13. e4 Bg4 14. h3 Bh5
15. Nb3 Nb6 16. Nc5 Rd1+ 17. Kf2 Rf8 18. Be6+ Kc7 19. Bg4 Be5 20. Ne6+ 1-0

[Event "AUTO-OPEN-2913"]
[Site "http://www.queenalice.com/game.php?id=1206424"]
[Date "2013.8.8"]
[Round "3"]
[White "CliffOliveira"]
[Black "LUKK"]
[Result "0-1"]
[WhiteElo "2035"]
[BlackElo "2508"]

1. d4 g6 2. c4 Bg7 3. Nc3 d6 4. e4 Nf6 5. Bd3 O-O 6. Nge2 Nc6 7. a3 e5 8. d5 Nd4
9. O-O c5 10. dxc6 bxc6 11. f4 Re8 12. fxe5 dxe5 13. Bg5 Ne6 14. Be3 Ng4 15. Bd2
Qxd3 0-1

[Event "AUTO-INT-2582"]
[Site "http://www.queenalice.com/game.php?id=1206469"]
[Date "2013.8.8"]
[Round "2"]
[White "NickThorp"]
[Black "CliffOliveira"]
[Result "0-1"]
[WhiteElo "1713"]
[BlackElo "2020"]

1. e4 c5 2. Nf3 g6 3. d3 Bg7 4. Nc3 Nc6 5. Be3 Nf6 6. e5 Ng4 7. Bxc5 Ngxe5 8.
Be2 Qa5 9. Bd4 Nxf3+ 10. Bxf3 Nxd4 11. O-O Nxf3+ 12. Qxf3 O-O 13. Rfe1 Re8 14.
Nd5 Bxb2 15. Rab1 Bc3 16. Re2 e6 17. Nf6+ Bxf6 18. Qxf6 Qxa2 19. Rb2 Qa1+ 0-1

[Event "AUTO-INT-2582"]
[Site "http://www.queenalice.com/game.php?id=1206470"]
[Date "2013.8.8"]
[Round "2"]
[White "CliffOliveira"]
[Black "NickThorp"]
[Result "1-0"]
[WhiteElo "2052"]
[BlackElo "1656"]

1. d4 d5 2. c4 dxc4 3. Nf3 e6 4. g3 Nc6 5. Bg2 Bb4+ 6. Bd2 Bxd2+ 7. Qxd2 Nf6 8.
Na3 Qd5 9. O-O O-O 10. Ne5 Qxd4 11. Naxc4 Qxd2 12. Nxd2 Nd4 13. e3 Nc2 14. Rac1
Nb4 15. a3 Nbd5 16. e4 Nb6 17. Rxc7 a6 18. Rfc1 h6 19. Nec4 Nxc4 20. R1xc4 b5
21. Rc1 Bd7 22. e5 Nd5 23. Bxd5 exd5 24. Rxd7 Rfd8 25. Rcc7 Rxd7 26. Rxd7 Re8
27. Rxd5 Re6 28. f4 f5 29. Kf2 Kf7 30. Rd7+ Kf8 31. Rd6 Rxd6 32. exd6 Ke8 33.
Nb3 Kd7 34. Nc5+ Kxd6 35. Nxa6 g6 36. Ke3 g5 37. fxg5 hxg5 38. h4 gxh4 39. gxh4
Ke6 40. Nc7+ 1-0

[Event "AUTO-OPEN-2951"]
[Site "http://www.queenalice.com/game.php?id=1210206"]
[Date "2013.8.21"]
[Round "3"]
[White "CliffOliveira"]
[Black "goldenboy"]
[Result "1-0"]
[WhiteElo "2030"]
[BlackElo "2100"]

1. d4 d5 2. c4 c6 3. Nf3 Nf6 4. g3 e6 5. Bg2 Bb4+ 6. Bd2 Qa5 7. O-O dxc4 8. Ne5
Bxd2 9. Nxc4 Qb4 10. Nbxd2 Nbd7 11. a3 Qe7 12. e4 O-O 13. e5 Nd5 14. Ne4 c5 15.
Nxc5 Nxc5 16. dxc5 Qxc5 17. Nd6 f6 18. Rc1 Qa5 19. b4 Qxa3 20. Bxd5 exd5 21.
Qxd5+ Kh8 22. Nf7+ Kg8 23. Nh6+ Kh8 24. Qg8+ 1-0

[Event "AUTO-OPEN-2951"]
[Site "http://www.queenalice.com/game.php?id=1210207"]
[Date "2013.8.21"]
[Round "3"]
[White "goldenboy"]
[Black "CliffOliveira"]
[Result "0-1"]
[WhiteElo "2107"]
[BlackElo "2056"]

1. e4 c5 2. Nf3 Nc6 3. Bb5 g6 4. d4 cxd4 5. Bxc6 bxc6 6. Qxd4 Nf6 7. e5 Nd5 8.
e6 f6 9. c4 Nb4 10. Qc3 c5 11. Be3 d6 12. a3 Nc6 13. Ng5 Qa5 14. Nf7 Rg8 15. O-O
Qxc3 16. Nxc3 Bxe6 17. Nh6 Bxh6 18. Bxh6 g5 19. f4 Bxc4 20. Rf2 Kd7 21. fxg5
fxg5 22. h4 gxh4 23. Rf4 Ne5 24. Kh2 Rg4 25. Kh3 Rxf4 26. Bxf4 Nd3 27. Bc1 Rg8
28. Kxh4 Rxg2 29. b4 Rg1 30. Bb2 Rxa1 31. Bxa1 cxb4 32. axb4 Nxb4 33. Ne4 a5 34.
Bc3 Kc6 35. Nd2 Bd3 36. Nb3 Kb5 37. Nd4+ Kc4 38. Bxb4 axb4 0-1

[Event "AUTO-INT-2596"]
[Site "http://www.queenalice.com/game.php?id=1212314"]
[Date "2013.8.28"]
[Round "2"]
[White "Konstantinus"]
[Black "CliffOliveira"]
[Result "1-0"]
[WhiteElo "1804"]
[BlackElo "1955"]

1. e4 c5 2. Nf3 Nc6 3. d4 cxd4 4. Nxd4 g6 5. Be3 Bg7 6. Nc3 Nf6 7. Be2 O-O 8.
O-O d5 9. Nxc6 bxc6 10. exd5 cxd5 11. Bd4 Qc7 12. Bxf6 Bxf6 13. Nxd5 Qe5 14.
Nxf6+ Qxf6 15. c3 Rb8 16. Qd2 Bf5 17. b4 Rfc8 18. Rac1 Rc7 19. c4 Rd7 20. Qe1
Qb2 21. Rd1 Rbd8 22. Rxd7 Rxd7 23. Bf3 Qxa2 24. c5 Rd2 25. Qxe7 Bd3 26. Re1 Bc4
27. Qf6 Be2 28. c6 1-0

[Event "AUTO-INT-2596"]
[Site "http://www.queenalice.com/game.php?id=1212315"]
[Date "2013.8.28"]
[Round "2"]
[White "CliffOliveira"]
[Black "Konstantinus"]
[Result "0-1"]
[WhiteElo "2041"]
[BlackElo "2182"]

1. d4 Nf6 2. c4 e6 3. Nf3 d5 4. g3 Be7 5. Bg2 O-O 6. O-O c6 7. Qc2 Nbd7 8. Nbd2
b5 9. cxd5 cxd5 10. e4 Ba6 11. e5 Ne8 12. Nb3 Rc8 13. Qe2 Qb6 14. Rd1 b4 15. Qd2
f6 16. Bf1 Bxf1 17. Rxf1 a5 18. exf6 Nexf6 19. Re1 a4 20. Nc5 Nxc5 21. dxc5 Bxc5
22. Qe2 Ne4 23. Be3 Bxe3 24. Qxe3 Qxe3 25. Rxe3 Rc2 26. b3 a3 0-1

[Event "AUTO-INT-2596"]
[Site "http://www.queenalice.com/game.php?id=1212316"]
[Date "2013.8.28"]
[Round "2"]
[White "slashberg"]
[Black "CliffOliveira"]
[Result "1-0"]
[WhiteElo "1989"]
[BlackElo "2054"]

1. e4 c5 2. c3 d5 3. exd5 Qxd5 4. d4 cxd4 5. cxd4 Nc6 6. Nf3 Bg4 7. Nc3 Qa5 8.
d5 Ne5 9. Bb5+ Nd7 10. Qb3 Bxf3 11. Bxd7+ Kxd7 12. Qxb7+ Kd6 13. Qxa8 1-0

[Event "AUTO-INT-2596"]
[Site "http://www.queenalice.com/game.php?id=1212317"]
[Date "2013.8.28"]
[Round "2"]
[White "CliffOliveira"]
[Black "slashberg"]
[Result "0-1"]
[WhiteElo "1996"]
[BlackElo "1965"]

1. d4 Nf6 2. c4 d5 3. Nf3 e6 4. g3 dxc4 5. Bg2 Bb4+ 6. Bd2 Nc6 7. O-O Be7 8. Nc3
Nxd4 9. Nxd4 Qxd4 10. Qc2 O-O 11. Be3 Qe5 12. Bf4 Qc5 13. Rad1 c6 14. a3 e5 15.
Be3 Qa5 16. Ne4 Nd5 17. Bd2 Qb5 18. Bg5 f6 19. Bd2 Bf5 20. Qc1 Bg4 21. Rde1 Rad8
22. h3 Be6 23. Nc3 Nxc3 24. Bxc3 Bd5 25. e4 Be6 26. Rd1 Rd3 27. Kh2 Rfd8 28. f4
exf4 29. gxf4 Qh5 30. Rxd3 cxd3 31. Qe3 Bc5 32. Qg3 Qg6 33. Qf3 Bb3 34. Rg1
Bxg1+ 0-1

[Event "AUTO-MASTER-1970"]
[Site "http://www.queenalice.com/game.php?id=1227302"]
[Date "2013.10.26"]
[Round "1"]
[White "ozzyvegeta"]
[Black "CliffOliveira"]
[Result "1-0"]
[WhiteElo "2081"]
[BlackElo "2009"]

1. e4 c5 2. Nf3 Nc6 3. d4 cxd4 4. Nxd4 g6 5. Nc3 Bg7 6. Be3 Nf6 7. Bc4 Qa5 8.
O-O Qb4 9. Bb3 Nxe4 10. Nxe4 Nxd4 11. c3 Ne2+ 12. Qxe2 Qxe4 13. Rfe1 O-O 14.
Rad1 d6 15. Qd2 Qf5 16. Bg5 Bf6 17. Bh6 Bg7 18. Bxg7 Kxg7 19. Rxe7 Bd7 20. Qxd6
Bc6 21. Qe5+ Qxe5 22. Rxe5 Rad8 23. Rde1 Rd2 24. R1e2 Rfd8 25. h3 f5 26. Re7+
Kh6 27. Kh2 Be4 28. Rxd2 Rxd2 29. Kg3 g5 30. h4 gxh4+ 31. Kxh4 Bxg2 32. Bg8 Rxb2
33. Bxh7 Rb1 34. Bxf5 Rh1+ 35. Kg3 Bd5 36. f4 Rg1+ 37. Kf2 Rg2+ 38. Ke3 Rg7 39.
Rxg7 Kxg7 40. a3 Kf6 41. Be4 Bc6 42. Bxc6 bxc6 43. Kd4 Kf5 44. Kc5 Kxf4 45. Kxc6
Ke4 46. c4 Kd4 47. c5 Kc4 48. Kd6 1-0

[Event "AUTO-MASTER-1970"]
[Site "http://www.queenalice.com/game.php?id=1227303"]
[Date "2013.10.26"]
[Round "1"]
[White "CliffOliveira"]
[Black "ozzyvegeta"]
[Result "0-1"]
[WhiteElo "2031"]
[BlackElo "2066"]

1. d4 d5 2. c4 c6 3. Nf3 Bg4 4. Ne5 Bh5 5. Qb3 Qc8 6. Nc3 e6 7. e3 Nf6 8. Be2
Bxe2 9. Nxe2 Be7 10. O-O O-O 11. Bd2 Nbd7 12. cxd5 exd5 13. f4 Ne4 14. Bb4 Bxb4
15. Qxb4 Re8 16. Rac1 f6 17. Nd3 Nb6 18. b3 Qg4 19. Rf3 Qg6 20. Nf2 Nxf2 21.
Kxf2 Qf7 22. g4 Qd7 23. Rg1 Nc8 24. h4 Nd6 25. Nc3 Re7 26. f5 Rae8 27. g5 fxg5
28. Rxg5 Kh8 29. Qa3 Rf7 30. Qxa7 Rxf5 31. Rgxf5 Nxf5 32. Qc5 Nd6 33. Qa3 Qe7
34. Kg3 Ne4+ 0-1

[Event "AUTO-MASTER-1970"]
[Site "http://www.queenalice.com/game.php?id=1227318"]
[Date "2013.10.26"]
[Round "1"]
[White "CliffOliveira"]
[Black "leduar"]
[Result "0-1"]
[WhiteElo "1967"]
[BlackElo "2069"]

1. d4 d5 2. c4 e6 3. Nf3 Bb4+ 4. Bd2 Qe7 5. Nc3 Bxc3 6. bxc3 Nf6 7. e3 Ne4 8.
cxd5 exd5 9. c4 c6 10. cxd5 Nxd2 11. Qxd2 cxd5 12. Bb5+ Bd7 13. Qd3 a6 14. Bxd7+
Nxd7 15. Qb3 Nf6 16. Rb1 Rb8 17. O-O O-O 18. Ne5 Qd6 19. Qb6 Rfd8 20. Rfc1 Qxb6
21. Rxb6 Nd7 22. Nxd7 Rxd7 23. Rcb1 Kf8 24. Rxa6 bxa6 25. Rxb8+ Ke7 26. Ra8 Rb7
27. g3 Rb6 28. a4 f5 29. Kg2 Kf6 30. a5 Rd6 31. Rb8 Ke7 32. Rb6 Rxb6 33. axb6
Kd7 34. Kf1 Kc6 35. b7 Kxb7 36. Ke2 Kb6 37. Kd3 Kb5 38. Kc3 g5 39. f3 h6 40. h3
h5 41. g4 hxg4 42. hxg4 fxg4 43. fxg4 a5 44. Kb3 a4+ 45. Ka3 Kc4 46. Kxa4 Kd3
47. Kb4 Kxe3 48. Kc3 Ke4 0-1

[Event "AUTO-MASTER-1970"]
[Site "http://www.queenalice.com/game.php?id=1227319"]
[Date "2013.10.26"]
[Round "1"]
[White "leduar"]
[Black "CliffOliveira"]
[Result "1-0"]
[WhiteElo "2080"]
[BlackElo "1979"]

1. e4 c5 2. Nf3 Nc6 3. d4 cxd4 4. Nxd4 g6 5. b3 Bg7 6. Bb2 Nf6 7. Qf3 Qa5+ 8.
Bc3 Nxd4 9. Bxa5 Nxf3+ 10. gxf3 Nxe4 11. c3 Ng5 12. Bg2 b6 13. Bb4 Bb7 14. O-O
Bxf3 15. Bxf3 Nxf3+ 16. Kg2 Nh4+ 17. Kh3 Nf3 18. Kg2 Nh4+ 19. Kh3 Nf5 20. a4 a5
21. Ba3 O-O 22. Ra2 Rac8 23. c4 Rfe8 24. Nd2 d6 25. Nf3 Nd4 26. Nd2 Ne6 27. f4
Nc5 28. Rf3 e5 29. Kg4 f5+ 30. Kg3 e4 31. Re3 Bd4 32. Re2 Rcd8 33. h4 e3 34.
Bxc5 exd2 35. Rexd2 Bxc5 36. Re2 Re4 37. Kf3 Rde8 38. Rac2 Rxe2 39. Rxe2 Rxe2
40. Kxe2 Kf7 41. Kf3 Ke6 42. Ke2 d5 43. cxd5+ Kxd5 44. Kf3 Kd4 45. Kg3 Ke4 46.
h5 Be3 47. hxg6 hxg6 48. Kh4 1-0

[Event "AUTO-MASTER-1970"]
[Site "http://www.queenalice.com/game.php?id=1227320"]
[Date "2013.10.26"]
[Round "1"]
[White "CliffOliveira"]
[Black "danthebugman"]
[Result "0-1"]
[WhiteElo "2016"]
[BlackElo "2236"]

1. d4 g6 2. c4 Bg7 3. Nc3 c5 4. Nf3 f5 5. d5 Bxc3+ 6. bxc3 Qa5 7. Bd2 d6 8. h4
Nf6 9. Qb3 Nbd7 10. Ng5 Nb6 11. e3 Bd7 12. Be2 h6 13. Ne6 Bxe6 14. dxe6 Ne4 15.
Qb5+ Qxb5 16. cxb5 d5 17. g4 fxg4 18. Bxg4 Nc4 19. Bc1 O-O 20. f3 Nxc3 21. h5 g5
22. a4 Ne5 23. Bb2 Nxg4 24. fxg4 Ne4 25. Rh2 a6 26. Ke2 axb5 27. axb5 Rxa1 28.
Bxa1 Ra8 29. Be5 Ra2+ 30. Kd3 Rxh2 31. Bxh2 Nf2+ 0-1

[Event "AUTO-MASTER-1970"]
[Site "http://www.queenalice.com/game.php?id=1227321"]
[Date "2013.10.26"]
[Round "1"]
[White "danthebugman"]
[Black "CliffOliveira"]
[Result "1-0"]
[WhiteElo "2095"]
[BlackElo "1922"]

1. e4 c5 2. d4 cxd4 3. c3 d3 4. Bxd3 Nc6 5. Nf3 g6 6. O-O Bg7 7. Be3 Nf6 8. Na3
Ng4 9. Bf4 Nge5 10. Nxe5 Nxe5 11. Be2 O-O 12. Be3 d6 13. f4 Nc6 14. Nc2 b6 15.
Qd3 a5 16. Na3 Ba6 17. Qd2 Bxe2 18. Qxe2 Rc8 19. Nb5 f5 20. Rad1 fxe4 21. Qc4+
Kh8 22. Qxe4 Qd7 23. a4 Na7 24. Rd5 Nxb5 25. Rxb5 e6 26. Bxb6 d5 27. Qe3 d4 28.
Bxd4 Bxd4 29. cxd4 Rc4 30. Rxa5 Rxd4 31. b3 Rd3 32. Qe5+ Kg8 33. Rc5 Rf7 34. b4
Qd4+ 35. Qxd4 Rxd4 36. Rb5 Ra7 37. a5 Kf7 38. g3 Kf6 39. Rb6 Rd2 40. Re1 1-0